1985 1461 1443 1726 1747 1108 1880 1646 1974 1182 1796 1075 1041 1739 1809 1409 1748 1593 1828 1267 1232 1655 1893 1743 1594 1063 1985 1170 1694 1178 1948 1295 1457 1886 1206 1860 1529 1550 1815 1288 1217 1799 1491 1229 1877 1687 1994 1520 1870 1736 1560 1514 1110 1511 1356 1334 1151 1776 1101 1827 1412 1803 1496 1857 1730 1441 1189 1379 1019 1225 1690 1950 1693 1483 1731 1772 1824 1548 1899 1685 1999 1919 1082 1487 1187 1477 1272 1718 1151 1759 1512 1023 1106 1656 1978 1634 1468 1162 1850 BCNSPRNW ULIB Ver.6.0+V

เปลี่ยนเป็นภาษาไทย

Change to English
 แสดงรายละเอียดบรรณานุกรม
  กลับหน้าหลัก

Brief Record : Get Marc (ISO 2709) : E-mail record : QR code < ปิดหน้าต่าง
LEADER : 00000nam 2200000uu 4500
001    13399110132
003     ULIB
008    110422s2552||||th 000 0 tha d
020    9747487381
024    9789747487381
060  4 WA716^bณ431น 2552
100 0  ณิชชยา ฐิติชญาพัทธ์
245 00 นม:ยิ่งดื่มยิ่งดี เพียงรู้วิธีก็เห็นผล/^cณิชชยา ฐิติชญาพัทธ์
260    กรุงเทพฯ:^bรวมทรรศน์,^c2552
300    197 หน้า
650  7 นม
650  7 นม^xการวิเคราะห์
650  7 นม^xสารอาหาร^xการวิเคราะห์
650  7 นมแม่
945    ^p160^l0^i029988
995    เกษร
999    ^aใช้งานได้ทุกระบบ
รายการนี้ยังไม่มีแท็ก
คุณยังไม่ได้ล็อกอิน คุณสามารถมีกิจกรรมร่วมกับเว็บไซต์ได้ แต่ต้องล็อกอินก่อน ::
  ล็อกอิน

รายการสื่อสารสนเทศ

ลำดับที่ ประเภท เลขเรียก/บาร์โค้ด สถานที่ สถานะ
- ไม่พบข้อมูล -

รายการใกล้เคียง
    หัวเรื่อง [นม]
    หัวเรื่อง [นมแม่]

BibComment


ยังไม่เคยถูกคอมเมนท์

คอมเมนท์ทรัพยากรรายการนี้
  คอมเมนท์: นมยิ่งดื่มยิ่งดี ..


 Copyright 2026. Bcnsprnw @Library